00821 a2200157 45000010006000000050017000060080041000230030015000640400040000790800125001192450032002442640031002763000019003075050317003261000020006433609020260407155638.0260407a1992 arg spa dAR-UNSa-BCEJYS aAR-UNSa-BCEJYSbspacAR-UNSa-BCEJYS a658.012.2xPlanificación. Programas. Planes. Medidas de apoyo a la planificación( Administración estratégica...)10aPráctica de la estrategia 1aBarcelona :bGranicac1992 a283 p.c22 cm. a1. Importancia de la estrategia en el proceso de desarrollo - 2. La gestión estratégica - 3. Conceptos y componentes de la estrategia - 4. El método estratégico - 5. Estrategias para el desarrollo comercial - 6. Situaciones estratégicas - 7. Los puntos clave en los procesos de desarrolo estratégico.1 akarlöf, Bengt